Where Are They - Landmarks #8 - Statistics

General Stats
  • This quiz has been taken 67 times
  • The average score is 5 of 10
Answer Stats
Hint Answer % Correct
Golden Gate Bridge, Alcatraz Island, Fisherman's Wharf San Francisco
98%
The Beatles Statue, Royal Albert Dock, The Royal Liver Building Liverpool
86%
Belém Tower, Castelo de S. Jorge, Praça do Comércio Lisbon
69%
Giraffe Centre, The Maasai Market, Uhuru Gardens Nairobi
55%
Eureka Skydeck, Queen Victoria Market, Rod Laver Arena Melbourne
51%
Jacques Cartier Bridge, Mount Royal, Notre-Dame Basilica Montreal
47%
Al-Kadhimiya Mosque, Al-Mutanabbi Statue, Al-Shaheed Monument Baghdad
29%
Fort Santiago, Rizal Park, San Agustin Church Manila
20%
Island of Tears, The Church of Saints Simon and Helena, Gorky Park Minsk
12%
Plaza Independencia, Palacio Salvo, Solís Theatre Montevideo
12%
No matching quizzes found
Score Distribution
Percent of People with Each Score
Percentile by Number Answered
Your Score History
You have not taken this quiz